| 000 | 00585 a2200121 4500 | ||
|---|---|---|---|
| 020 | _a0784407444 (set) | ||
| 082 | _a624.15136 YEG | ||
| 245 |
_aGeotechnical engineering for transportation projects : _bProceedings of Geo-Trans 2004, July 27-31, 2004, Los Angeles, California / _csponsored by the Geo-Institute of the American Society of Civil Engineers ; edited by Mishac K. Yegian, Edward Kavazanjian. |
||
| 260 |
_aReston, Va. : _bAmerican Society of Civil Engineers, _c2004. |
||
| 300 |
_a2 v. : _bill. ; _c22 cm. |
||
| 650 | _aSoil mechanics | ||
| 650 | _aEngineering geology | ||
| 650 | _aTransportation engineering | ||
| 999 |
_c2313 _d2313 |
||